प्रेमचंद और फकीर मोहन के उपन्यासों मे समाज के बदलते रूप (Record no. 999262)

MARC details
000 -LEADER
fixed length control field 00439nam a2200133Ia 4500
008 - FIXED-LENGTH DATA ELEMENTS--GENERAL INFORMATION
fixed length control field 151001s9999||||xx |||||||||||||| ||und||
100 ## - MAIN ENTRY--PERSONAL NAME
Personal name मीना सोनी
245 ## - TITLE STATEMENT
Title प्रेमचंद और फकीर मोहन के उपन्यासों मे समाज के बदलते रूप
250 ## - EDITION STATEMENT
Edition statement 1
260 ## - PUBLICATION, DISTRIBUTION, ETC. (IMPRINT)
Name of publisher, distributor, etc पंकज बुक्स
260 ## - PUBLICATION, DISTRIBUTION, ETC. (IMPRINT)
Date of publication, distribution, etc 2010
300 ## - PHYSICAL DESCRIPTION
Extent 182
365 ## - TRADE PRICE
Price amount 21

No items available.